5HLuxD.jpg

KING HENRY VIII SENIOR AND PRIMARY SCHOOL LIBRARY OPAC

SMILE (Record no. 5244)

000 -LEADER
fixed length control field 00281nam a22001217a 4500
008 - FIXED-LENGTH DATA ELEMENTS--GENERAL INFORMATION
fixed length control field 250828b ||||| |||| 00| 0 eng d
020 ## - INTERNATIONAL STANDARD BOOK NUMBER
International Standard Book Number 9781338740264
082 ## - DEWEY DECIMAL CLASSIFICATION NUMBER
Classification number 741.4 TEL
100 ## - MAIN ENTRY--PERSONAL NAME
Personal name TELGEMEIER,RAINA
Relator term AUTHOR
Language of a work ENGLISH
245 ## - TITLE STATEMENT
Title SMILE
260 ## - PUBLICATION, DISTRIBUTION, ETC.
Name of publisher, distributor, etc. SCHOLASTIC
942 ## - ADDED ENTRY ELEMENTS (KOHA)
Source of classification or shelving scheme
Holdings
Withdrawn status Lost status Source of classification or shelving scheme Damaged status Not for loan Collection code Permanent Location Current Location Shelving location Date acquired Source of acquisition Total Checkouts Full call number Barcode Date last seen Date last checked out Price effective from Koha item type Public note
          Non-Fiction KH8 Primary School Library KH8 Primary School Library Non Fiction 2025-08-28 SOF 17 741.4 TEL KHPL000007084 2026-04-17 2026-04-07 2025-08-28 Books - Non Ficton PRIMARY LIBRARY

Powered By KH8 IT Dept